Random NBA Players From 1980s - Statistics

General Stats
  • This quiz has been taken 75 times
  • The average score is 4 of 8
Answer Stats
Picture Answer % Correct
Clyde Drexler
98%
Dominique Wilkins
92%
Bernard King
59%
Fat Lever
41%
Mark Aguirre
37%
Kevin Willis
35%
Bill Cartwright
22%
Jerome Kersey
22%
No matching quizzes found
Score Distribution
Percent of People with Each Score
Percentile by Number Answered
Your Score History
You have not taken this quiz